000
00313nam a22001457a 4500
008
210225b ||||| |||| 00| 0 eng d
020
_a
9780547207124
041
_a
eng
080
_2
6th
_a
32
082
_a
32
100
_a
25
101
_a
EDU
245
_a
Essential Study Skills
_c
Wong, L
942
_2
udc
_c
BK
999
_c
55237
_d
55237